[Event "Eastern op 46th"]
[Site "Tysons"]
[Date "2019.12.28"]
[Round "3"]
[White "Jay, Neel"]
[Black "Cao, Timothy"]
[Result "1-0"]
[WhiteElo "1796"]
[BlackElo "1699"]
[PlyCount "109"]
[EventDate "2019.12.27"]
[EventType "swiss"]
[EventRounds "7"]
[EventCountry "USA"]
[SourceTitle "CBM 194 Extra"]
[Source "ChessBase"]
[SourceDate "2020.03.31"]
[SourceVersion "1"]
[SourceVersionDate "2020.03.31"]
[SourceQuality "1"]

1. e4 e6 2. d4 d5 3. Nd2 c5 4. Ngf3 Nc6 5. exd5 exd5 6. Bb5 a6 7. Bxc6+ bxc6 8. dxc5 Bxc5 9. 0-0 Ne7 10. Nb3 Ba7 11. Re1 0-0 12. c3 Bg4 13. h3 Bh5 14. Bg5 f6 15. Be3 Bxe3 16. Rxe3 Nf5 17. Re1 Nh4 18. g4 Nxf3+ 19. Qxf3 Bg6 20. Nd4 Qd7 21. Re3 Rfe8 22. Rae1 Rxe3 23. Rxe3 Re8 24. Qe2 Rxe3 25. Qxe3 Qe8 26. Qe6+ Qxe6 27. Nxe6 Bb1 28. a3 f5 29. Nd4 fxg4 30. hxg4 Kf7 31. Nxc6 Ke6 32. Nd4+ Kd6 33. b4 Ke5 34. f3 Bg6 35. Kf2 Be8 36. Ke3 g5 37. Nb3 h5 38. gxh5 Bxh5 39. Nc5 g4 40. fxg4 Bxg4 41. Nxa6 Bd7 42. Nc5 Bc6 43. Nd3+ Kd6 44. Kd4 Bb5 45. Nc5 Kc6 46. a4 Bc4 47. b5+ Kb6 48. Nd7+ Kc7 49. Ne5 Bb3 50. a5 Kd6 51. a6 Kc7 52. Kc5 Kb8 53. Nc6+ Kc7 54. b6+ Kd7 55. b7 1-0